actors younger - Statistics

General Stats
  • This quiz has been taken 23 times
  • The average score is 9 of 16
Answer Stats
Picture Answer % Correct
Will Smith
95%
Hugh Grant
81%
Robin Williams
76%
Adam Sandler
71%
Julia Roberts
67%
Drew Barrymore
62%
Andrew Garfield
57%
Jim Carrey
57%
Jake Gyllenhaal
52%
Ryan Reynolds
52%
Florence Pugh
48%
Ashton Kutcher
43%
Anne Hathaway
33%
Jennifer Aniston
33%
River and Joaquin Phoenix
33%
Orlando Bloom
24%
No matching quizzes found
Score Distribution
Percent of People with Each Score
Percentile by Number Answered
Your Score History
You have not taken this quiz